Mathematical programming with data perturbations

Saved in:
Bibliographic Details
Other Authors: Fiacco, Anthony V.
Format: Book
Language:English
Published: New York : Marcel Dekker, c1998
Series:Lecture notes in pure and applied mathematics ; ; 195
Subjects:
Tags: Add Tag
No Tags, Be the first to tag this record!

MARC

LEADER 00000nam a2200000 i 4500
001 1/71082
008 990301s1997 eng d
020 |a 0-8247-0059-7 
035 |l 10048246 
040 |a GR-MY-UA  |b gre  |e aacr 
041 0 |a eng 
082 0 |a 519.7 
245 1 0 |a Mathematical programming with data perturbations /  |c edited by Anthony V. Fiacco 
260 |a New York :   |b Marcel Dekker,   |c c1998 
300 |a viii, 441 p.;  |b ill.;  |c 26 cm. 
490 1 |a Lecture notes in pure and applied mathematics  |v ; 195 
500 |a Includes bibliographical references and index 
650 0 0 |a Programming (Mathematics) 
650 0 0 |a Perturbation (Mathematics) 
700 0 |a Fiacco, Anthony V. 
830 0 |a Lecture notes in pure and applied mathematics ;  |v ; 195 
852 |a INST  |b SAMOS  |e 19990301  |h 519.7 MAT  |p 005300013298  |q 005300013298  |t BK  |y 0 
901 |a BIBL-1999-1 
909 |a Σ  |b 063035 
922 |a 3ΕΛΗ  |b 199901  |c ΕΠΕΑΕΚ/ΜΑΘ  |d GLORY